000 00921nam a2200253Ia 4500
003 OSt
005 20220923225340.0
006 a|||||r|||| 00| 0
007 ta
008 220922b |||||||| |||| 00| 0 hin d
024 _a263,846
037 _cTextual
040 _aARTS
_cARTS
_bhin
041 _2hin
_ahin
082 _aV237, 152K3
100 _aशर्मा, मथुरालाल
245 0 _aराजपूत कुलों का इतिहास, अनु और संपा देबीलाल पालीवाल
246 _aRājapūt kuloan kā itihāsa, anu0 aur sanpā0 debīlāl pālīvāla
260 _aजयपुर
_b मंगल प्रकाशन
_c1963
300 _a219पृ.
_ccm.
650 _aविश्व-इतिहास
942 _hV237, 152K3
_cTEXL
_2CC
999 _c377695
_d377695